000 00670nam a2200241Ia 4500
003 OSt
005 20221005101719.0
006 a|||||r|||| 00| 0
007 ta
008 221004b |||||||| |||| 00| 0 eng d
024 _a70782
037 _cTextual
040 _aCRL
_cCRL
_beng
041 _2eng
_aeng
082 _aY5927:3(W).212'N7, L4
100 _aRajendran G
245 0 _aEzhave community and Kerala politics
260 _aTrivandrum
_bKerala Acadmey of Political science India
_c1974
300 _aii, 82p
_ccm.
650 _aSOCIOLOGY
942 _hY5927:3(W).212'N7, L4
_cTEXL
_2cc
999 _c1007273
_d1007273